00288nam a2200133Ia 4500003000900000008004100009040001300050040001300063100001800076245003400094260001200128300000800140490000600148IT-RoPAU120407s9999 xx 000 0 und d aIT-RoPAU cIT-RoPAU aA. M. Carré aBéatitudes pour aujourd'hui aDu Cerf c cm v1